书目信息 |
| 题名: |
中国古代戏剧服饰研究
|
|
| 作者: | 宋俊华 著 | |
| 分册: | ||
| 出版信息: | 广州 广东高等教育出版社 2003 |
|
| 页数: | 465,31页 | |
| 开本: | 20cm | |
| 丛书名: | 广东中华文化王季思学术基金丛书 | |
| 单 册: | ||
| 中图分类: | J821.5 | |
| 科图分类: | ||
| 主题词: | 京剧--化装 , 京剧--服装(戏剧) | |
| 电子资源: | ||
| ISBN: | 7-5361-2851-7 | |
| 000 | 00886oam2 2200253 450 | |
| 001 | 070025870280 | |
| 005 | 20050923105237.68 | |
| 010 | @a7-5361-2851-7@dCNY28.00 | |
| 100 | @a20050112d2003 ekmy0chiy0120 ea | |
| 101 | 0 | @achi |
| 102 | @aCN@b440000 | |
| 105 | @aaf z 000yy | |
| 200 | 1 | @a中国古代戏剧服饰研究@9zhong guo gu dai xi ju fu shi yan jiu@f宋俊华著@Fsong jun hua zhu |
| 210 | @a广州@c广东高等教育出版社@d2003 | |
| 215 | @a465,31页@c图,图版@d20cm | |
| 225 | 2 | @a广东中华文化王季思学术基金丛书@v9 |
| 330 | @a本书考察中国古代戏剧服饰的历史,阐述古代戏剧服饰的本质、起源和在不同时代、不同剧种中的表现,分析中国古代戏剧服饰的审美特征等。 | |
| 461 | 0 | @12001 @a广东中华文化王季思学术基金丛书 |
| 606 | 0 | @a京剧@x化装 |
| 606 | 0 | @a京剧@x服装(戏剧) |
| 690 | @aJ821.5@v4 | |
| 701 | 0 | @a宋俊华@Asong jun hua@4著 |
| 801 | 0 | @aCN@bTSSF@c20050923 |
| 905 | @a10447@dJ821.5@e54 | |
| 中国古代戏剧服饰研究/宋俊华著.-广州:广东高等教育出版社,2003 |
| 465,31页:图,图版;20cm.-(广东中华文化王季思学术基金丛书;9) |
| ISBN 7-5361-2851-7:CNY28.00 |
| 本书考察中国古代戏剧服饰的历史,阐述古代戏剧服饰的本质、起源和在不同时代、不同剧种中的表现,分析中国古代戏剧服饰的审美特征等。 |
| ● |
| 相关链接 |
|
|
|
|
正题名:中国古代戏剧服饰研究
索取号:J821.5/54
 
预约/预借
| 序号 | 登录号 | 条形码 | 馆藏地/架位号 | 状态 | 备注 |
| 1 | 0363050 | 3630501 | 第一样本阅览室/ [索取号:J821.5/54] | 在馆 | |
| 2 | 0363051 | 3630510 | 第一借阅区/ [索取号:J821.5/54] | 在馆 | |
| 3 | 0363052 | 3630529 | 第一借阅区/ [索取号:J821.5/54] | 在馆 | |
| 4 | 0363053 | 3630538 | 第一借阅区/ [索取号:J821.5/54] | 在馆 | |
| 5 | 0363054 | 3630547 | 第一借阅区/ [索取号:J821.5/54] | 在馆 |